Madonna's VEVO Certified Music Videos - Statistics

General Stats
  • This quiz has been taken 55 times
    15 since last reset
  • The average score is 9 of 12
Answer Stats
Views Music Video % Correct
370M+ Like A Prayer
100%
132M+ Like A Virgin
100%
556M+ Hung Up
92%
172M+ Vogue
92%
278M+ Frozen
77%
1.0B+ La Isla Bonita
77%
210M+ Material Girl
77%
246M+ Papa Don't Preach
77%
370M+ Bitch I'm Madonna (ft. Nicki Minaj)
62%
245M+ 4 Minutes (ft. Justin Timberlake & Timbaland)
54%
101M+ Give It 2 Me (ft. Pharrell)
31%
133M+ Live To Tell
31%
No matching quizzes found
Score Distribution
Percent of People with Each Score
Percentile by Number Answered
Your Score History
You have not taken this quiz since the last reset